มุมมองปกติ
มุมมองแบบ MARC
- Cordonier Segger, Marie-Claire
รายการ Personal Name
001 - CONTROL NUMBER
- control field: 14283
003 - CONTROL NUMBER IDENTIFIER
- control field: NALT
005 - DATE AND TIME OF LATEST TRANSACTION
- control field: 20170822142741.0
008 - FIXED-LENGTH DATA ELEMENTS
- fixed length control field: 170822|| aca||aabn | a|a d
040 ## - CATALOGING SOURCE
- Original cataloging agency: NALT
100 ## - HEADING--PERSONAL NAME
- Personal name: Cordonier Segger, Marie-Claire
